000 00245nam a2200121Ia 4500
100 _aCIMI-DGET
942 _cBK
245 _aSheet Metal Worker Assignment/Test.
260 _bCIMI
_aChennai
300 _a60
546 _aENGLISH
999 _c30646
_d30646